| 000 | 00618nam a2200205 a 4500 | ||
|---|---|---|---|
| 005 | 20210223125629.0 | ||
| 008 | 050310s2002 mx 000 0 spa d | ||
| 020 | _a9701870522 | ||
| 035 | _aUPN01000138262 | ||
| 049 | _aCG | ||
| 050 | 4 |
_aQ125 _bCH3.3 |
|
| 100 | 1 |
_aChamizo Guerrero, José Antonio _931323 |
|
| 245 | 1 | 4 |
_aLas grandes ideas de la ciencia del siglo XX / _cJosé Antonio Chamizo. |
| 260 |
_aMéxico : _bCNCA, _c2002. |
||
| 300 |
_a63 p. : _bil. |
||
| 440 | 0 | _aTercer milenio | |
| 650 | 4 |
_aCIENCIA - _xHISTORIA - _ySIGLO XX _910121 |
|
| 650 | 4 |
_aCIENCIA - _xFILOSOFIA - _xHISTORIA _95803 |
|
| 905 | _aLibro | ||
| 999 |
_c110410 _d110410 |
||